000 00206 a2200097 4500
001 13028
100 _aMittal,R.K
245 _aRobotics and Control
260 _a
_bTata McGraw-Hill
_c
090 _c10036
_d10036
942 _aNUST-CAE
_cM
_c44
999 _c248101
_d248101